Statistics for The Spiderwick Chronicles List of Characters

Click here to take the quiz!

General Stats

  • This quiz has been taken 20 times
    (14 since last reset)
  • The average score is 7 of 18

Answer Stats

HintAnswer% Correct
The main characterJared Grace
75%
The house brownie who turns into a boggart when he is madThimbletack
75%
The person who wrote the Feild GuideArthur Spiderwick
67%
The sister of the two aboveMallory Grace
67%
The twin brother of the aboveSimon Grace
67%
The hobgoblin who changes sides depending what his problem isHogsqueal
58%
The daughter of the aboveLucinda Spiderwick
58%
An evil, shapeshifting ogre who wants to take over the worldMulgarath
42%
A griffin who is saved from the goblin camp by the childrenByron
33%
A creature who's shape is similar to a snake'sDragon
33%
The mother of the three aboveHelen Grace
33%
The father of the first threeRichard Grace
33%
Creatures who, when are born, don't have teeth, so they use glass and rocks insteadGoblins
25%
The creatures who hold Arthur Spiderwick captive for 100 yearsSylphs
17%
A creature who lives in rivers under local bridgesRiver Troll
8%
A creature who lives in the caves of the dwarves and claims he can talk to the stonesThe Knocker
8%
The ruler of the dwarvesThe Korting
8%
A mix between a monkey and a black catThe Phooka
8%

Score Distribution

Percentile by Number Answered

Percent of People with Each Score

Your Score History

You have not taken this quiz since the last reset